| 000 | 00554nam a2200181 a 4500 | ||
|---|---|---|---|
| 001 | 3520 | ||
| 003 | CDMR | ||
| 005 | 20131003133744.0 | ||
| 008 | 130130s1986||||||||||||||||||||||||||||d | ||
| 020 | _a8476520034 | ||
| 040 |
_aCDMR _bcat _cCDMR |
||
| 100 | 1 |
_aSenecal, Michel _92521 |
|
| 245 | 1 | 0 |
_aTelevisiones y radios comunitarias _b: teoría y práctica de una experimentación social _cMichel Senecal |
| 260 |
_aBarcelona _c1986 _bMitre |
||
| 490 | 0 | _aNuevos signos | |
| 650 | 0 | 4 |
_92757 _aMitjans de comunicació de massa _xAspectes socials |
| 942 |
_cMON _2udc |
||
| 999 |
_c3520 _d3520 |
||